Free-living freshwater protozoa : a colour guide

Main Author: Patterson, David J. (Author)
Other Authors: Hedley, Stuart
Published: London: Manson Publication, [1996]
Subjects:
LEADER 01273cam a2200349 7i4500
001 0000009275
005 20240125090000.0
008 240124t19961996enka ### #00001eng##
020 # # |a 1874545405  
020 # # |a 0470235675  
020 # # |a 9780470235676  
020 # # |a 086840327X  
020 # # |a 9780868403274  
020 # # |a 9781874545408  
040 # # |a UMT   |b eng   |c UMT   |d Ohiolink   |e rda 
090 0 0 |a QL 366.5   |b .P3 1996 
100 1 # |a Patterson, David J.   |e author  
245 1 0 |a Free-living freshwater protozoa :   |b a colour guide   |c D.J. Patterson ; drawings by Stuart Hedley. 
264 # 4 |c ♭1996 
264 # 1 |a London:   |b Manson Publication,   |c [1996] 
300 # # |a 223 pages:   |b some colour illustrations;   |c 26 cm 
336 # # |a text --   |2 rdacontent 
337 # # |a unmediated --   |2 rdamedia 
338 # # |a volume --   |2 rdacarrier 
504 # # |a Includes bibliographical references and index 
590 # # |a Rujukan Kursus Jabatan Sains Biologi 
650 0 0 |a Freshwater protozoa --   |x Classification  
650 0 0 |a Freshwater protozoa --   |x Atlases  
650 0 0 |a Freshwater protozoa --   |x Identification  
700 1 # |a Hedley, Stuart  
999 |a 1100022600  |b Book  |c Open Shelf  |e KOLEKSI TERBUKA 
999 |a 1000386680  |b Book  |c Koleksi Buku Berbintik Merah (Red Spot)  |e KOLEKSI KHAS